[Event "Cappelle op 20th"]
[Site "Cappelle la Grande"]
[Date "2004.03.04"]
[Round "7"]
[White "Murdzia, Piotr"]
[Black "Rozentalis, Eduardas"]
[Result "0-1"]
[WhiteElo "2445"]
[BlackElo "2625"]
[Annotator "Rozentalis,E"]
[PlyCount "142"]
[EventDate "2004.02.28"]
[EventType "swiss"]
[EventRounds "9"]
[EventCountry "FRA"]
[SourceTitle "CBM 098 Extra"]
[Source "ChessBase"]
[SourceDate "2004.03.10"]
[SourceVersion "2"]
[SourceVersionDate "2004.03.10"]
[SourceQuality "1"]

1. e4 e6 2. d4 d5 3. Nd2 c5 4. exd5 exd5 5. Bb5+ ({Very rare move. Almost
automatically is played} 5. Ngf3) 5... Bd7 6. Bxd7+ Nxd7 7. Ngf3 Bd6 ({Normal
way is} 7... Ngf6 8. O-O Be7 {, but I wanted to deviate from the known
position, though I believed that the knight was better placed on f6 than on e7.
}) 8. O-O Ne7 9. dxc5 Nxc5 10. Nb3 Ne4 11. Bg5 ({The difference from the
position with the knight on f6 is that after} 11. Nbd4 {White doesn't threaten
to jump on f5, so Black doesn't have to waste time on} Qd7) ({In the game
White decides to exchange his bishop to an active black knight. It gives Black
an equal play, but leaves less pieces on the board. White is slightly better
after} 11. Be3) 11... Nxg5 12. Nxg5 h6 13. Nf3 O-O 14. c3 b5 15. Nbd4 ({
Good move, but more prudent and solid would be} 15. a3 {, preventing immediate
counterplay.}) 15... b4 $5 {Positionally risky continuation, but it's the only
moment to sharpen the game.} (15... a6 {or}) (15... Qb6 {would lead to a solid
and equal position.}) 16. cxb4 Bxb4 17. a3 Bc5 18. b4 {White got a pawn
majority on the queen side, and immediately starts to move it.} Bb6 19. a4 Qd6
20. b5 ({But not} 20. a5 $2 Bxd4 21. Qxd4 Nc6 $15) 20... Ba5 $1 {Black blocks
a-pawn.} 21. Rc1 $6 {Natural move, but white rook leaves a-file.} (21. Nb3 {
doesn't give anything because of} Bc3) ({but} 21. Qd3 Rfc8 22. Rfc1 {would
preserve some advantage for White.}) 21... Rfc8 22. Qd3 Bb6 $1 {a4-a5 is no
more a threat nad Black can return his bishop to the more active location.} 23.
g3 Qb4 $6 {Second moment, when I decided to sharpen the game. My opponent had
already not so much time left on, what made my decision easier to come, in
fact this time could had have dangerous for me complications.} 24. Nc6 ({Bad is
} 24. Nf5 Nxf5 25. Qxf5 Bxf2+ $1 26. Kg2 (26. Kxf2 Qb2+) 26... Rxc1 27. Rxc1
Bb6 28. Qxd5 Re8 {anf Black is better due to an open opposition of white king.}
) 24... Nxc6 25. bxc6 Qd6 ({Of course, after} 25... Qxa4 26. Qxd5 {white pawn
is too dangerous}) 26. Qc3 {protecting c6, and threatening a5.} d4 27. Qc4 Qf6
28. Kg2 Rc7 29. Rfd1 $2 {Finally it paid off!} (29. Qa6 {leads only to a draw,}
Qf5 30. Qb5 Qxb5 31. axb5 a6) ({but after} 29. Qb5 $1 Re7 30. a5 Bc7 31. Qb7 {
White wins a pawn, and despite some Black's counterplay stands better.}) 29...
Rac8 30. Qa6 $2 {Another, probably decisive mistake.} ({Right move was} 30.
Nxd4 $1 Rd8 $1 31. Nb5 ({but not} 31. Nf3 Rxd1 32. Rxd1 Rxc6 {and Black is
slightly better.}) 31... Qxf2+ 32. Kh3 Qf5+ 33. Kg2 {and Black has nothing
better than perpetual check, as c6 pawn is still very dangerous.}) 30... Rxc6
31. Qxc8+ Rxc8 32. Rxc8+ Kh7 33. Rc2 Qg6 34. Rcd2 Qc6 {Black has an extra pawn,
also white knight is tied, what is the main problem for White. He has to give
up his a-pawn in an exchange on the central pawn.} 35. a5 Bxa5 36. Rxd4 Bb6 37.
Rf4 f6 (37... g5 $2 {Of course, not} 38. Rxf7+ Kg6 39. Rdd7 g4 40. Rg7+ Kh5 41.
Rdf7 gxf3+ 42. Kh3 {and White wins.}) 38. g4 a5 39. h3 a4 {Black has to push
his promoted pawn at all costs, while didn't consolidate his pieces.} 40. Ra1
Qc2 (40... Qc5 $2 41. Ng1 a3 42. Rf3 {and White simply gains the pawn.}) 41.
Ng1 ({After} 41. Ne1 Qd2 42. Raxa4 Qxe1 {Black wins the knight.}) 41... g5 $1 (
{After natural} 41... Be3 $2 {White probably achieves a drawing position:} 42.
Raxa4 $1 Bxf2 (42... Bxf4 43. Rxf4) 43. Rac4 Qd2 44. Nf3 Qe2 45. Ng1 Bxg1+ 46.
Kxg1) 42. Rfxa4 ({Other possibilities:} 42. Rxf6 Bd4 43. Rf7+ Kg6 44. Rxa4 Qc6+
45. Nf3 Qxa4 {with an extra material;}) (42. Rf3 Bd4 43. Raa3 Kg6 {and White
is simply in ZugZwang.}) 42... Qxf2+ 43. Kh1 Bd4 44. R4a2 (44. Rxd4 Qxd4 45.
Rf1 Kg6 {followed by h6-h5 must be also winning for Black.}) 44... Qg3 45. Rg2
({More stubborn is} 45. Ra3 Qd6 46. R1a2 Bc5 47. Rf3 Qd1 (47... Qd5 {doesn't
win because of fantastic-} 48. Rg2 Bxg1 49. Rf5 $1) 48. Rg3 Kg6 {and white
pieces are very passive, while Black can prepare h6-h5 and should finally
break White's resistance.}) 45... Qd3 $1 {Black wins second pawn anyway, but
it's important to prevent white rook from immediate coming to f1.} 46. Re1 Bxg1
47. Kxg1 Qxh3 48. Rf1 Kg6 {White is in Zug Zwang. If it would be Black to play,
he couldn't have played h5, because after gxh5 Qxh5 Rgf2 White would have
achieved a draw. Now, White has to move his rook to e1 or f2, what lets Black
to implement his plan.} 49. Re1 h5 50. gxh5+ Qxh5 51. Rf1 f5 {Black managed to
exchange his h-pawn and has now two extra promoted pawn. However, the win is
far to be easy, as White always threatens to exchange two rooks for a queen
and one pawn achieving a drawing pawn ending.} 52. Rgf2 Qg4+ 53. Rg2 Qd4+ 54.
Kh1 Qe4 55. Kh2 Kf6 56. Rgf2 f4 {White already wanted to take on f5 with a
draw.} 57. Rf3 Kf5 58. R1f2 Kg4 59. Kg2 {Uf... Black's idea is to push the
rook from f3, then pawn promotion to f3 would be possible, because then a pawn
ending would be winning. But, with the king on g4 and queen on e4 it is not
possible to do, as White protects it by his king. So, lets look for another
way.} Qd5 60. Rf1 Kf5 61. Kg1 Kg6 62. Kh2 Qe6 {Now queen goes to g4 and king
goes to e4.} 63. Kg2 Qg4+ 64. Kf2 Qh4+ 65. Ke2 $6 {King goes to the wrong side.
} (65. Kg2 {It was more stubborn to stay on the king side, but Black would
bring his queen on g4 and his king e4- the right to win:} Kf6 ({better than} 
65... Kf5 66. R1f2 Qg4+ 67. Kh2 Ke4 68. Ra3) 66. R1f2 Qg4+ 67. Kh2 Kf5 68. Rf1
(68. Ra3 Qh4+ 69. Kg2 g4 {final push, winning even at the cost of one pawn.:}
70. Ra5+ Ke6 71. Rxf4 Qh3+ 72. Kf2 g3+ 73. Ke2 g2) 68... Ke4 69. Ra3 (69. R3f2
f3) 69... Qe2+ {and wins.}) 65... Kf5 66. R1f2 Qh5 67. Kf1 Qh1+ 68. Ke2 Qc1 69.
Rf1 Qc2+ 70. Ke1 Qe4+ 71. Kd2 g4 {White resigned, as the pawn ending is lost,
Black just has to be careful:} (71... g4 72. Rxf4+ Qxf4+ 73. Ke2 g3 $1 (73...
Qxf1+ $2 74. Kxf1 $11) (73... Ke4 $2 74. Rxf4+ Kxf4 75. Kf2 $11) 74. Rf3 Kg4
75. Rxf4+ Kxf4 $19) 0-1

[Event "Novosibirsk"]
[Site "Novosibirsk"]
[Date "1995.??.??"]
[Round "6"]
[White "Svidler, Peter"]
[Black "Dreev, Alexey"]
[Result "1-0"]
[WhiteElo "2635"]
[BlackElo "2670"]
[Annotator "Svidler,P"]
[PlyCount "97"]
[EventDate "1995.10.??"]
[EventType "tourn"]
[EventRounds "11"]
[EventCountry "RUS"]
[EventCategory "15"]
[SourceTitle "CBM 050"]
[Source "ChessBase"]
[SourceDate "1996.02.01"]
[SourceVersion "1"]
[SourceVersionDate "1996.02.01"]
[SourceQuality "1"]

1. e4 e6 2. d4 d5 3. Nd2 a6 4. Ngf3 c5 5. exd5 exd5 6. Be2 cxd4 7. O-O Bd6 8.
Re1 (8. Nb3 Ne7 9. Bg5 Nbc6 10. Bh4 Qb6 11. Bg3 Bxg3 12. hxg3 O-O 13. Nfxd4 Nf5
14. c3 Nfxd4 15. cxd4 Bf5 16. Qd2 $14) 8... Ne7 9. Nb3 Nbc6 (9... O-O 10. Nbxd4
h6 11. h3 Qb6 $13) 10. Nbxd4 O-O 11. Be3 (11. h3 Qb6 $13) 11... Bg4 12. c3 Qc7
13. h3 Bh5 14. Qc2 Rfe8 (14... Bg6 15. Bd3 Na5 16. Re2 Nc4 17. Rae1 $14) 15.
Bd3 h6 (15... Bg6 16. Re2 $14) 16. Nh4 $1 Ne5 17. Be2 Bxe2 18. Rxe2 $14 N7g6 (
18... Nc4 $6 19. Rae1) (18... Bc5 19. Rae1 $14) 19. Nxg6 (19. Nhf5 Nc4 20. Rae1
Re5 21. Bc1 Rae8 $10) 19... Nxg6 20. Nf5 Bc5 (20... Be5 $32 21. Rae1 Re6 (21...
Bf6 22. Qd3 Rad8 23. Bd4 Rxe2 24. Rxe2 $14)) 21. Rd2 Rad8 22. Rad1 Nf4 (22...
Re5 23. Bxc5 Qxc5 24. Rd4 $14) 23. Qa4 Bxe3 $8 24. fxe3 Ne6 25. Rxd5 $16 h5 $6
26. Nd6 Rf8 (26... Re7 27. Qh4 g6 28. Qf6 $18) 27. Qb4 g6 $1 28. c4 (28. Nxb7
Rxd5 29. Rxd5 Rb8) (28. Qxb7 Rxd6 $1 29. Qxc7 Rxd5 30. Qxf7+ Kxf7 31. Rxd5 Ke7
$17) 28... b6 29. Qc3 $18 Nc5 30. Qf6 (30. b4 $2 Rxd6 31. Rxd6 Ne4 $14) 30...
Ne6 31. b3 b5 32. c5 (32. cxb5 $18) 32... b4 33. Ne4 Rxd5 34. Rxd5 Rc8 35. Qf1
$1 Qc6 (35... Rd8 36. Rxd8+ Qxd8 37. Qxa6 $18) 36. Qa1 (36. Rd7 Ng5 $1 37. Qf4
Qxe4 38. Qxg5 Qb1+ 39. Kh2 Qxa2 40. Qf6 Qxb3 41. c6 $18) 36... Rd8 37. Rxd8+
Nxd8 38. Qd4 Ne6 39. Qxb4 f5 40. Nc3 Qxc5 41. Qxc5 Nxc5 42. b4 $18 Nd3 43. Nd5
Kf7 44. a3 Nb2 (44... Ke6 45. Nc7+ $18) 45. Kf2 h4 46. Ke2 g5 47. Nb6 Ke6 48.
a4 Kd6 (48... Ke5 49. a5 Kd6 50. b5 $18) 49. Kd2 (49. Kd2 Kc6 50. Kc2 $18) 1-0

[Event "Match/Nation BUL-DDR"]
[Site "Albena"]
[Date "1983.05.21"]
[Round "1.1"]
[White "Radulov, Ivan"]
[Black "Uhlmann, Wolfgang"]
[Result "0-1"]
[WhiteElo "2495"]
[BlackElo "2505"]
[Annotator "Uhlmann,W"]
[PlyCount "64"]
[EventDate "1983.05.21"]
[EventType "team-schev"]
[EventRounds "4"]
[EventCountry "BUL"]
[SourceTitle "EXT 2013"]
[Source "ChessBase"]
[SourceDate "2012.11.22"]
[SourceVersion "1"]
[SourceVersionDate "2012.11.22"]
[SourceQuality "1"]
[WhiteTeam "Bulgarien"]
[BlackTeam "German Dem Rep"]
[WhiteTeamCountry "BUL"]
[BlackTeamCountry "DDR"]

{SCHACH 8/1983 Seiten 343-344 Inf 35/379} 1. e4 e6 2. d4 d5 3. Nd2 c5 4. exd5
exd5 5. Bb5+ Bd7 6. Qe2+ Be7 7. dxc5 Nf6 8. Nb3 O-O 9. Bg5 Re8 $1 10. O-O-O a5
$1 11. Nh3 a4 12. Nd4 Bxc5 13. Qf1 Qb6 $1 14. Bxf6 Qxf6 15. Bxd7 Nxd7 16. Qd3
a3 17. b3 Ne5 $1 18. Qc3 Rac8 19. Rhe1 Ba7 $1 ({Auch} 19... Qb6 {war stark
wegen der Drohung Bb4}) 20. Qe3 Re7 $1 21. Nf4 Bxd4 $1 22. Qxd4 ({Falls} 22.
Rxd4 {,so} Nd3+ $1 {mit leichtem Gewinn.}) 22... Qf5 $1 23. c3 {Die einzige
Verteidigung.} ({So scheitert} 23. Re2 {an} Nf3 $1 24. gxf3 Rxe2) ({bzw.} 23.
Nd3 {an} Nxd3+ 24. Qxd3 Qxd3 25. Rxd3 Rxe1+) ({oder} 23. Rd2 {an} Nc6) 23...
Nc6 24. Qd2 Rxe1 25. Rxe1 Nb4 $1 26. g3 ({Hoffnungslos ist} 26. Kd1 Nxa2 $1 ({
als auch} 26... Qb1+ 27. Ke2 Re8+ 28. Kf1 Qxe1+ 29. Qxe1 Rxe1+ 30. Kxe1 Nxa2
31. Kd2 Nb4 $1 32. Kc1 g5 $1 {mit gewonnenem Springer- oder Bauernendspiel.}))
26... g5 $1 {Materialverlust ist nicht mehr zu vermeiden.} 27. Re3 ({Auf} 27.
Kd1 {gewinnt} Qb1+ 28. Ke2 Re8+ 29. Kf1 Rxe1+ 30. Qxe1 Qxe1+ 31. Kxe1 Nxa2 32.
Nxd5 Nc1 {denn der a-Bauer läuft unaufhaltsam. siehe auch "SCHACH" 12/1983
Seite 557}) 27... gxf4 28. gxf4 Kf8 29. c4 Nc6 30. Rg3 dxc4 31. bxc4 Rd8 32.
Qe3 Nb4 0-1